| 000 | 01177nam0a2200325 4500 | ||
|---|---|---|---|
| 001 | RU\NLR\BIBL_A\011657008 | ||
| 005 | 20180328094250.0 | ||
| 010 |
_a978-5-17-106123-4 _94 000 |
||
| 021 |
_aRU _bКН-П-18-009228 _9КН-П-18-0644 |
||
| 035 | _a(NLR Aleph) 011657008 | ||
| 035 | _a(RuMoRGB)009539511 | ||
| 090 |
_a11160869 _c11160869 |
||
| 100 | _a20180315d2018 u y0rusy50 ca | ||
| 101 | 1 |
_arus _ceng |
|
| 102 | _aRU | ||
| 105 | _aa|||zzzz000 y | ||
| 200 | 1 |
_aХоббит _fДж. Р. Р. Толкин _g[перевод с английского К. Королева] _gиллюстрации Алана Ли |
|
| 210 |
_aМосква _cАСТ _d2018 |
||
| 215 |
_a316, [1] с., [13] л. цв. ил. _cил. _d22 |
||
| 333 | _a12+ | ||
| 675 | _a821.111-3 | ||
| 686 |
_aШ5(4Вл)61-644.5 _2rubbk |
||
| 686 | 1 | _aШ6(4Вл)67-440.4{Лх1298.1-50} | |
| 700 | 1 |
_aТолкин _bД. Р. Р. _f1892-1973 _gДжон Роналд Руэл _3RU\NLR\auth\776532 _4070 |
|
| 702 | 1 |
_aЛи _bА. _cхудожник _f1947- _gАлан _3RU\NLR\AUTH\7783533 _4040 |
|
| 942 | _cBOOK | ||
| 980 | _aNBR | ||
| 980 | _aNB | ||